000 00564nam a22002297a 4500
003 UA-OsUOA
001 93261
007 ta
008 20130116b un ||||| |||| 00| 0 ukr d
100 _aВолчек Я.
090 _a821.161.1
_bВ68
942 _cBK
040 _aUA-OsUOA
_brus
_cUA-OsUOA
_dUA-OsUOA
245 _aКарай. Сын Карая
300 _a334 с.
955 _a3
041 _arus
080 _a821.161.1
260 _aМ.
_c1963
650 7 _a82 Література. Літературознавство
_2UDC
999 _c379504
_d379504